Centro Histórico de la Ciudad de México (Record no. 1586)

MARC details
000 -CABECERA
campo de control de longitud fija 01137nam a2200265 a 4500
001 - NÚMERO DE CONTROL
campo de control BRCA_1805
005 - FECHA Y HORA DE LA ÚLTIMA TRANSACCIÓN
campo de control 20190320203545.0
008 - DATOS DE LONGITUD FIJA--INFORMACIÓN GENERAL
campo de control de longitud fija spas1993----mx-a---###---#000-0#spa-#
041 ## - CÓDIGO DE LENGUA
Código de lengua del texto/banda sonora o título independiente spaeng
044 ## - CÓDIGO DEL PAÍS DE LA ENTIDAD EDITORA/PRODUCTORA
Código MARC del país mx
050 #4 - SIGNATURA TOPOGRÁFICA DE LA BIBLIOTECA DEL CONGRESO
Número de clasificación NA757.M4
Número de documento/Ítem .C46 1993
245 10 - MENCIÓN DE TÍTULO
Título Centro Histórico de la Ciudad de México
Resto del título restauración de edificios, 1988-1994 = Historic Center of Mexico City : building restoration, 1988-1994
Mención de responsabilidad, etc. curadora Gabriela Lee ; curador Thelma Lazcano Botello ; fotografía Gabriel Figueroa Flores.
260 ## - PUBLICACIÓN, DISTRIBUCIÓN, ETC.
Lugar de publicación, distribución, etc. México
Nombre del editor, distribuidor, etc. Colegio de Arquitectos de la Ciudad de Mexico : Sociedad de Arquitectos Mexicanos
Fecha de publicación, distribución, etc. 1993
300 ## - DESCRIPCIÓN FÍSICA
Extensión 143 p.
Otras características físicas il. (algunas color)
Dimensiones 29 cm.
500 ## - NOTA GENERAL
Nota general Colección Sonia Corcuera de Mancera
546 ## - NOTA DE LENGUA/LENGUAJE
Nota de lengua/lenguaje Texto en español e inglés
610 24 - PUNTO DE ACCESO ADICIONAL DE MATERIA--NOMBRE DE ENTIDAD CORPORATIVA
Nombre de entidad corporativa o nombre de jurisdicción como elemento de entrada Centro Histórico
Subdivisión geográfica Ciudad de México
9 (RLIN) 5615
650 14 - PUNTO DE ACCESO ADICIONAL DE MATERIA--TÉRMINO DE MATERIA
Término de materia o nombre geográfico como elemento de entrada Distritos históricos
Subdivisión general Conservación y restauración
Subdivisión geográfica México
9 (RLIN) 5616
651 #4 - PUNTO DE ACCESO ADICIONAL DE MATERIA--NOMBRE GEOGRÁFICO
Nombre geográfico México (Ciudad)
Subdivisión general Edificios, estructuras, etc.
9 (RLIN) 3924
700 1# - PUNTO DE ACCESO ADICIONAL--NOMBRE DE PERSONA
Nombre de persona Lee, Gabriela
9 (RLIN) 5617
700 1# - PUNTO DE ACCESO ADICIONAL--NOMBRE DE PERSONA
Nombre de persona Lazcano Botello, Thelma
9 (RLIN) 5618
700 1# - PUNTO DE ACCESO ADICIONAL--NOMBRE DE PERSONA
Nombre de persona Figueroa Flores, Gabriel
9 (RLIN) 5619
902 ## - CATALOGADOR
Iniciales DSC
942 ## - ELEMENTOS DE PUNTO DE ACCESO ADICIONAL (KOHA)
Fuente del sistema de clasificación o colocación Library of Congress Classification
Tipo de ítem Koha Libros
Holdings
Estado de retiro Estado de pérdida Estado dañado No para préstamo Localización permanente Ubicación/localización actual Fecha de adquisición Total de préstamos Signatura topográfica completa Código de barras Fecha visto por última vez Precio válido a partir de Tipo de ítem Koha
El ejemplar forma parte de la colección y puede ser consultado según las políticas vigentes.       Biblioteca del Museo Franz Mayer (Rogerio Casas-Alatriste) Biblioteca del Museo Franz Mayer (Rogerio Casas-Alatriste) 27/06/2008   NA757.M4 .C46 1993 DSC00050 22/03/2019 22/03/2019 Libros